Carregant...
Prachin bharatiy ganith /
| Autor principal: | |
|---|---|
| Format: | Printed Book |
| Idioma: | English |
| Publicat: |
Vijan bharati,
1971.
|
| LEADER | 00334nam a2200109Ia 4500 | ||
|---|---|---|---|
| 008 | 150624b xxu||||| |||| 00| 0 eng d | ||
| 100 | |a Upadyay | ||
| 245 | |a Prachin bharatiy ganith / |c Upadyay | ||
| 260 | |b Vijan bharati, |c 1971. | ||
| 942 | |c BK | ||
| 999 | |c 7553 |d 7553 | ||
| 952 | |0 1 |1 0 |4 0 |7 0 |9 7552 |a UL |b UL |c ST1 |d 1998-09-01 |l 0 |p 12222 |r 2012-10-27 |w 2012-10-27 |y BK | ||